[Event "Wch U08 rapid"]
[Site "Minsk"]
[Date "2018.06.23"]
[Round "5"]
[White "Gagarinskiy, Artem"]
[Black "Makarevich, Dzmitry"]
[Result "1-0"]
[WhiteElo "1231"]
[BlackElo "1432"]
[PlyCount "47"]
[EventDate "2018.06.22"]
[EventType "swiss (rapid)"]
[EventRounds "9"]
[EventCountry "BLR"]
[SourceTitle "EXT 2019"]
[Source "ChessBase"]
[SourceDate "2018.10.10"]
[SourceVersion "1"]
[SourceVersionDate "2018.10.10"]
[SourceQuality "1"]

1. e4 e5 2. Nf3 Nc6 3. d4 exd4 4. Bc4 Be7 5. Nxd4 d6 6. Nxc6 bxc6 7. 0-0 Nf6 8. Nc3 0-0 9. f4 Kh8 10. h3 Be6 11. Bd3 d5 12. e5 Nd7 13. f5 Nxe5 14. fxe6 Nxd3 15. Qxd3 fxe6 16. Rxf8+ Qxf8 17. Be3 c5 18. Rf1 Qe8 19. Bf4 c6 20. Be5 Qh5 21. Qg3 Rg8 22. Ne2 Bh4 23. Qxg7+ Rxg7 24. Rf8# 1-0